| 000 | 00772nam a2200253 a 4500 | ||
|---|---|---|---|
| 001 | 63822 | ||
| 003 | BD-RjUL | ||
| 005 | 20211209081233.0 | ||
| 008 | 040217s1991 couab b 001 0 eng | ||
| 020 | _a0813380669 (hardcover : alk. paper) | ||
| 020 | _a0813380650 (pbk. : alk. paper) | ||
| 035 | _a(BD-RjUL)63952 | ||
| 040 |
_aDLC _cDLC _dBD-RjUL _beng |
||
| 041 | _aeng | ||
| 082 | 0 | 0 |
_a952 _223 _bHAP 1991 |
| 100 | 1 |
_aHane, Mikiso. _9189461 |
|
| 245 | 1 | 0 |
_aPremodern Japan : _ba historical survey / _cMikiso Hane. |
| 260 |
_aBoulder : _bWestview Press, _c1991. |
||
| 300 |
_axii, 258 p. : _bill. ; _c24 cm. |
||
| 504 | _aIncludes bibliographical references and index. | ||
| 651 | 0 |
_aJapan _xHistory _yTo 1868. _9189462 |
|
| 942 |
_2ddc _cBK |
||
| 999 |
_c63822 _d63822 |
||